000 00278nam a2200121Ia 4500
005 20260328104336.0
008 260328s9999||||xx |||||||||||||| ||und||
100 _aLos, Sergio
245 0 _aCarlo Scarpa /
_cSergio Los
300 _a176 p.
650 _aARQUITECTOS
942 _cBK
999 _c11896
_d11896